[Event "COL-ch U12 Girls"]
[Site "Florencia"]
[Date "2013.06.03"]
[Round "7"]
[White "David Rodriguez, Maria Camila"]
[Black "Pineda, Oriana"]
[Result "0-1"]
[WhiteElo "1433"]
[BlackElo "1342"]
[PlyCount "98"]
[EventDate "2013.05.31"]
[EventType "swiss"]
[EventRounds "7"]
[EventCountry "COL"]
[SourceTitle "CBM 154 Extra"]
[Source "ChessBase"]
[SourceDate "2013.06.25"]
[SourceVersion "2"]
[SourceVersionDate "2013.06.25"]
[SourceQuality "1"]

1. e4 e5 2. Nf3 d6 3. d4 Nf6 4. Nc3 c6 5. a4 Be7 6. h3 0-0 7. Bc4 Nbd7 8. 0-0 Nb6 9. Bb3 Be6 10. Bxe6 fxe6 11. Be3 Nc4 12. Bg5 Qe8 13. Re1 Qg6 14. b3 Nb6 15. Qd2 h6 16. dxe5 dxe5 17. Nxe5 Qh5 18. a5 Qxg5 19. Qxg5 hxg5 20. axb6 axb6 21. Rad1 Bb4 22. Re3 Rad8 23. Red3 Rxd3 24. Rxd3 Bxc3 25. Rxc3 Nxe4 26. Rd3 Rxf2 27. Rd8+ Rf8 28. Rd7 Nc5 29. Rd6 Rf5 30. Ng6 Kh7 31. Ne7 Re5 32. Nc8 Rd5 33. b4 Rxd6 34. Nxd6 Na6 35. c3 Kg6 36. Nxb7 c5 37. Nd8 Kf6 38. b5 Nc7 39. c4 e5 40. g3 Kf5 41. Kf2 Ke4 42. Nf7 Ne6 43. Nd6+ Kd3 44. h4 e4 45. Nf5 Nd4 46. Nxg7 e3+ 47. Ke1 Nc2+ 48. Kf1 e2+ 49. Kf2 e1Q+ 0-1